| 000 | 00527nam a2200181Ia 4500 | ||
|---|---|---|---|
| 008 | 140529s9999 xx 000 0 und d | ||
| 020 | _a9781849203012 | ||
| 050 |
_aH 62 _b.K84 2011 |
||
| 100 | _aKumar, Ranjit. | ||
| 245 |
_aResearch methodology : _ba step-by-step guide for beginners / _cRanjit Kumar |
||
| 250 | _a3rd ed. | ||
| 260 |
_aLos Angeles : _bSAGE, _cc2011. |
||
| 300 |
_a415 p. : _bill. ; _c24 cm. |
||
| 500 | _aIncludes appendix, glossary and index. | ||
| 521 | _aGE | ||
| 942 |
_kFOR _cBK |
||
| 999 |
_c117576 _d117576 |
||